Protectionism or industrial adjustment?

সংরক্ষণ করুন:
গ্রন্থ-পঞ্জীর বিবরন
বিন্যাস: গ্রন্থ
ভাষা:Undetermined
প্রকাশিত: Paris The Atlantic Institute for International Affairs 1980
বিষয়গুলি:
ট্যাগগুলো: ট্যাগ যুক্ত করুন
কোনো ট্যাগ নেই, প্রথমজন হিসাবে ট্যাগ করুন!
Thư viện lưu trữ: Trung tâm Học liệu Trường Đại học Cần Thơ
LEADER 00476nam a2200157Ia 4500
001 CTU_78494
008 210402s9999 xx 000 0 und d
082 |a 338.971 
082 |b P967 
245 0 |a Protectionism or industrial adjustment? 
245 0 |c G. K. Helleiner ... [et al.] 
260 |a Paris 
260 |b The Atlantic Institute for International Affairs 
260 |c 1980 
650 |a Industrial adjustment 
980 |a Trung tâm Học liệu Trường Đại học Cần Thơ